[Event "Torneo de Benidorm sub 2000 2019"]
[Site "Benidorm ESP"]
[Date "2019.11.29"]
[Round "1.1"]
[White "Melino, Gianluca"]
[Black "Perez Garcia, Juan Angel"]
[Result "0-1"]
[WhiteElo "1737"]
[BlackElo "1999"]
[PlyCount "68"]
[EventDate "2019.11.29"]
[EventType "swiss"]
[EventRounds "10"]
[EventCountry "ESP"]
[SourceTitle "Ajedrez en Madrid"]
[Source "lmi"]
[SourceDate "2019.11.30"]
[SourceVersion "1"]
[SourceVersionDate "2019.12.08"]
[SourceQuality "1"]

1. e4 e5 2. Nf3 Nc6 3. d4 exd4 4. Bc4 Bb4+ 5. c3 dxc3 6. bxc3 Ba5 7. O-O Nf6 8.
e5 d5 9. Bb5 Ne4 10. Bxc6+ bxc6 11. Qa4 Bb6 12. Ba3 Bd7 13. Qc2 Bc5 14. Nd4 O-O
15. f3 Bxa3 16. Nxa3 Nc5 17. c4 Ne6 18. Rfd1 Nxd4 19. Rxd4 Qe7 20. Qc3 Qxe5 21.
Re1 Qf6 22. cxd5 cxd5 23. Qc5 c6 24. Nc2 h6 25. Re7 Rfd8 26. Rb4 Be8 27. Rbb7
d4 28. Ne1 d3 29. Rxe8+ Rxe8 30. Nxd3 Qa1+ 31. Kf2 Qxa2+ 32. Kg3 Qd5 33. Qc2
Red8 34. Nb4 Qg5+ 0-1

[Event "Torneo de Benidorm sub 2000 2019"]
[Site "Benidorm ESP"]
[Date "2019.11.29"]
[Round "1.2"]
[White "Nahornyi, Ihor"]
[Black "Duller Llopis, Jouke"]
[Result "1-0"]
[WhiteElo "1999"]
[BlackElo "1736"]
[PlyCount "111"]
[EventDate "2019.11.29"]
[EventType "swiss"]
[EventRounds "10"]
[EventCountry "ESP"]
[SourceTitle "Ajedrez en Madrid"]
[Source "lmi"]
[SourceDate "2019.11.30"]
[SourceVersion "1"]
[SourceVersionDate "2019.12.08"]
[SourceQuality "1"]

1. e4 e6 2. d4 d5 3. Nc3 Nf6 4. e5 Nfd7 5. f4 c5 6. Nf3 Nc6 7. Be3 Be7 8. Qd2
a6 9. O-O-O c4 10. f5 b5 11. Ng5 h6 12. Nxf7 Kxf7 13. fxe6+ Kxe6 14. Nxd5 Kxd5
15. g3 Ndb8 16. Bg2+ Ke6 17. d5+ Kf7 18. Qf2+ Kg8 19. dxc6 Qe8 20. c7 Nc6 21.
Bd5+ Kh7 22. Bf7 Qf8 23. Qf3 Nxe5 24. Qe4+ g6 25. Bd5 Bf5 26. Qxe5 Bf6 27. Qf4
Re8 28. Rhe1 Qg7 29. Kb1 Be5 30. Qh4 Bf6 31. Bxh6 Bxh4 32. Bxg7 Bxg3 33. hxg3
Kxg7 34. Rxe8 Rxe8 35. Bb7 Bc8 36. Bxc8 Rxc8 37. Rd7+ Kf6 38. Rd6+ Kf5 39. Rxa6
Rxc7 40. Ra5 Rb7 41. a4 Kg4 42. Rxb5 Ra7 43. Rb4 Kxg3 44. Rxc4 g5 45. Ka2 g4
46. Ka3 Kh3 47. b4 g3 48. Rd4 Rf7 49. Rd3 Kh4 50. Rd1 Rf3+ 51. Kb2 Kh3 52. a5
g2 53. Rg1 Kh2 54. Rxg2+ Kxg2 55. a6 Rf4 56. a7 1-0

[Event "Torneo de Benidorm sub 2000 2019"]
[Site "Benidorm ESP"]
[Date "2019.11.29"]
[Round "1.3"]
[White "Pastor Marti, Jaume"]
[Black "Panican, Gheorghe"]
[Result "0-1"]
[WhiteElo "1736"]
[BlackElo "1998"]
[PlyCount "60"]
[EventDate "2019.11.29"]
[EventType "swiss"]
[EventRounds "10"]
[EventCountry "ESP"]
[SourceTitle "Ajedrez en Madrid"]
[Source "lmi"]
[SourceDate "2019.11.30"]
[SourceVersion "1"]
[SourceVersionDate "2019.12.08"]
[SourceQuality "1"]

1. d4 Nf6 2. Nf3 d6 3. Nc3 Nbd7 4. e4 e5 5. Bc4 Be7 6. h3 O-O 7. Be3 c6 8. O-O
b5 9. Bd3 a6 10. Ne2 Bb7 11. Ng3 exd4 12. Nxd4 c5 13. Ndf5 g6 14. Nxe7+ Qxe7
15. f3 Qe5 16. Bf2 Qxb2 17. a4 b4 18. f4 Rfe8 19. Rb1 Qa2 20. Re1 Qxa4 21. e5
dxe5 22. fxe5 Nxe5 23. Ne4 Nxe4 24. Bxe4 Bxe4 25. Rxe4 Qc6 26. Qe2 f6 27. Re1
c4 28. Bd4 Rac8 29. Bxe5 fxe5 30. Rxe5 Rxe5 0-1

[Event "Torneo de Benidorm sub 2000 2019"]
[Site "Benidorm ESP"]
[Date "2019.11.29"]
[Round "1.4"]
[White "Cano Sevilla, Ivan"]
[Black "Siscar Conill, Aitor"]
[Result "1-0"]
[WhiteElo "1996"]
[BlackElo "1735"]
[PlyCount "47"]
[EventDate "2019.11.29"]
[EventType "swiss"]
[EventRounds "10"]
[EventCountry "ESP"]
[SourceTitle "Ajedrez en Madrid"]
[Source "lmi"]
[SourceDate "2019.11.30"]
[SourceVersion "1"]
[SourceVersionDate "2019.12.08"]
[SourceQuality "1"]

1. d4 d5 2. Bf4 Nf6 3. e3 c5 4. c3 e6 5. Nf3 Bd6 6. Bg3 O-O 7. Nbd2 Nc6 8. Bd3
b6 9. Ne5 Bb7 10. f4 Be7 11. O-O Nxe5 12. fxe5 Ne4 13. Qc2 Nxg3 14. Bxh7+ Kh8
15. hxg3 Bg5 16. Kf2 g6 17. Rh1 Kg7 18. Rh3 Rc8 19. Rah1 Qd7 20. Nf3 Be7 21.
Bxg6 Rh8 22. Rh7+ Rxh7 23. Rxh7+ Kf8 24. Bxf7 1-0

[Event "Torneo de Benidorm sub 2000 2019"]
[Site "Benidorm ESP"]
[Date "2019.11.29"]
[Round "1.5"]
[White "Juciute, Einora"]
[Black "Machin Arbelo, Pedro Alexis"]
[Result "0-1"]
[WhiteElo "1734"]
[BlackElo "1995"]
[PlyCount "92"]
[EventDate "2019.11.29"]
[EventType "swiss"]
[EventRounds "10"]
[EventCountry "ESP"]
[SourceTitle "Ajedrez en Madrid"]
[Source "lmi"]
[SourceDate "2019.11.30"]
[SourceVersion "1"]
[SourceVersionDate "2019.12.08"]
[SourceQuality "1"]

1. e4 c5 2. Nf3 e6 3. c3 Nf6 4. e5 Nd5 5. d4 cxd4 6. cxd4 Nc6 7. Bc4 Nb6 8. Bb3
d6 9. exd6 Bxd6 10. O-O O-O 11. Bg5 Be7 12. Be3 Bf6 13. Nc3 Qe7 14. Ne4 h6 15.
Nxf6+ Qxf6 16. Qd3 Rd8 17. Bc2 Qf5 18. Qb3 Qd5 19. Qd3 Qf5 20. Qb3 Qh5 21. Qd3
f5 22. a3 a5 23. Qb5 Nd5 24. Rac1 g5 25. Rfe1 f4 26. Bd2 g4 27. Qd3 Nf6 28. Ne5
Rxd4 29. Qc3 Nd5 30. Bg6 Qxe5 31. Qc5 Qg5 32. Qc2 Rxd2 33. Bh7+ Kg7 34. Qxd2
Kxh7 35. Rxc6 bxc6 36. Qc2+ Qg6 37. Qxc6 Rb8 38. Qc5 Qf7 39. Qxa5 Rxb2 40. Rc1
Qb7 41. Qe1 Nf6 42. h3 gxh3 43. gxh3 Qg7+ 44. Kh2 Bb7 45. Qg1 Qxg1+ 46. Kxg1
Bd5 0-1

[Event "Torneo de Benidorm sub 2000 2019"]
[Site "Benidorm ESP"]
[Date "2019.11.29"]
[Round "1.7"]
[White "Todic, Simo"]
[Black "Almonti, Alessandro"]
[Result "0-1"]
[WhiteElo "1733"]
[BlackElo "1989"]
[PlyCount "124"]
[EventDate "2019.11.29"]
[EventType "swiss"]
[EventRounds "10"]
[EventCountry "ESP"]
[SourceTitle "Ajedrez en Madrid"]
[Source "lmi"]
[SourceDate "2019.11.30"]
[SourceVersion "1"]
[SourceVersionDate "2019.12.08"]
[SourceQuality "1"]

1. e4 d6 2. d4 Nf6 3. Nc3 e5 4. Nf3 Nbd7 5. Bc4 h6 6. O-O Be7 7. Be3 c6 8. Qe2
b5 9. Bd3 a6 10. Rad1 Qc7 11. Nd2 exd4 12. Bxd4 c5 13. Bxf6 Nxf6 14. Nd5 Nxd5
15. exd5 c4 16. Be4 O-O 17. c3 Bf6 18. Bc2 g6 19. Ne4 Bg7 20. Ng3 Bd7 21. Bb1
Rfe8 22. Qd2 Re7 23. Rfe1 Rae8 24. Rxe7 Rxe7 25. Re1 Qd8 26. Ne4 Bc8 27. f3 f5
28. Ng3 Qe8 29. Rxe7 Qxe7 30. Kf2 Qa7+ 31. Qe3 Qxe3+ 32. Kxe3 Bb7 33. Ne2 Bxd5
34. Nf4 Bf7 35. h4 g5 36. hxg5 hxg5 37. Nh3 f4+ 38. Kd2 Bf6 39. Bf5 Bd5 40. Bc8
a5 41. a3 Bc6 42. Nf2 Kf7 43. Ba6 d5 44. Bc8 Ke7 45. Ng4 Bg7 46. Nf2 Kd6 47.
Nh3 Bf6 48. Ng1 Kc5 49. Ne2 b4 50. axb4+ axb4 51. Be6 b3 52. Bf5 Be8 53. Bh7
Bd7 54. Bg6 Be5 55. Bh7 g4 56. Bg6 gxf3 57. gxf3 Bh3 58. Bh7 Bg2 59. Ng1 d4 60.
cxd4+ Bxd4 61. Ne2 Be3+ 62. Kc3 Bxf3 0-1

[Event "Torneo de Benidorm sub 2000 2019"]
[Site "Benidorm ESP"]
[Date "2019.11.29"]
[Round "1.8"]
[White "Santos Folch, Adolfo"]
[Black "Egan, Colm"]
[Result "1-0"]
[WhiteElo "1988"]
[BlackElo "1731"]
[PlyCount "93"]
[EventDate "2019.11.29"]
[EventType "swiss"]
[EventRounds "10"]
[EventCountry "ESP"]
[SourceTitle "Ajedrez en Madrid"]
[Source "lmi"]
[SourceDate "2019.11.30"]
[SourceVersion "1"]
[SourceVersionDate "2019.12.08"]
[SourceQuality "1"]

1. Nc3 d6 2. f4 g6 3. Nf3 Bg7 4. e4 Nd7 5. Bc4 Nh6 6. O-O O-O 7. Qe1 e6 8. d3
c6 9. f5 exf5 10. Bg5 Qe8 11. Qh4 Ng4 12. h3 Ngf6 13. exf5 d5 14. Rae1 Qd8 15.
Bb3 Nc5 16. fxg6 fxg6 17. Ne5 Qd6 18. d4 Nxb3 19. axb3 Bf5 20. Re2 Rae8 21.
Rfe1 Ne4 22. Bh6 Qf6 23. Qxf6 Nxf6 24. Bxg7 Kxg7 25. Nd1 Ne4 26. Kh2 Rd8 27. b4
a6 28. c3 Rf6 29. Ne3 Be6 30. Nc2 Rdf8 31. Na1 h5 32. Nb3 g5 33. Nc5 h4 34.
Ned7 Nxc5 35. Nxf8 Ne4 36. Nxe6+ Rxe6 37. Re3 Re7 38. Rf3 Kg6 39. Rf8 Kg7 40.
Rd8 Rf7 41. c4 Ng3 42. cxd5 cxd5 43. Rxd5 Rf2 44. Rd7+ Kf6 45. Rxb7 Rxb2 46. d5
Nf5 47. Re6# 1-0

[Event "Torneo de Benidorm sub 2000 2019"]
[Site "Benidorm ESP"]
[Date "2019.11.29"]
[Round "1.9"]
[White "Azzouz, Belkhelfa"]
[Black "Basto Auzmendi, Mario"]
[Result "0-1"]
[WhiteElo "1727"]
[BlackElo "1983"]
[PlyCount "70"]
[EventDate "2019.11.29"]
[EventType "swiss"]
[EventRounds "10"]
[EventCountry "ESP"]
[SourceTitle "Ajedrez en Madrid"]
[Source "lmi"]
[SourceDate "2019.11.30"]
[SourceVersion "1"]
[SourceVersionDate "2019.12.08"]
[SourceQuality "1"]

1. d4 Nf6 2. Nf3 g6 3. c4 Bg7 4. Nc3 c5 5. d5 d6 6. g3 a6 7. a4 e6 8. Bg2 exd5
9. Nxd5 Nxd5 10. Qxd5 Nc6 11. O-O Be6 12. Qe4 O-O 13. Rd1 Re8 14. Qd3 Nb4 15.
Qb3 Bf5 16. Rd2 Qa5 17. e3 b5 18. Ra3 bxc4 19. Qxc4 d5 20. Qf1 Nc2 21. Ra2 c4
22. Ne1 Nb4 23. Ra3 Rad8 24. h3 Nd3 25. Nxd3 Bxd3 26. Qd1 d4 27. exd4 Bxd4 28.
Bf1 Qe5 29. Bxd3 Qxg3+ 30. Kf1 Qxh3+ 31. Kg1 Qg3+ 32. Kf1 Qh3+ 33. Kg1 Re5 34.
Bf5 Bxf2+ 35. Kxf2 Qh2+ 0-1

[Event "Torneo de Benidorm sub 2000 2019"]
[Site "Benidorm ESP"]
[Date "2019.11.29"]
[Round "1.10"]
[White "Bote Kobolo, Benjamin E."]
[Black "Fuentes Barrientos, Carlos"]
[Result "1-0"]
[WhiteElo "1983"]
[BlackElo "1726"]
[PlyCount "103"]
[EventDate "2019.11.29"]
[EventType "swiss"]
[EventRounds "10"]
[EventCountry "ESP"]
[SourceTitle "Ajedrez en Madrid"]
[Source "lmi"]
[SourceDate "2019.11.30"]
[SourceVersion "1"]
[SourceVersionDate "2019.12.08"]
[SourceQuality "1"]

1. e4 c5 2. Nc3 g6 3. Nf3 Bg7 4. Bc4 e6 5. d3 Nc6 6. Bf4 d6 7. O-O a6 8. a4 Nf6
9. Qd2 O-O 10. Bg5 Qc7 11. h3 b6 12. Rfe1 Bb7 13. Bb3 Rac8 14. Qf4 Nd7 15. Qd2
Nde5 16. Nh2 Nd4 17. Ba2 c4 18. Be3 Ndc6 19. f4 Nd7 20. Bxc4 Na5 21. Ba2 Bxc3
22. bxc3 Qxc3 23. Qxc3 Rxc3 24. Bb1 Rfc8 25. Nf3 f6 26. Bd4 R3c7 27. Ba2 d5 28.
exd5 Bxd5 29. Bxd5 exd5 30. Re7 Nc6 31. Re6 Kf7 32. Rae1 Nxd4 33. Re7+ Kg8 34.
Nxd4 Nc5 35. Kf2 Nxa4 36. R7e6 Kf7 37. Kf3 a5 38. Nb5 Rd7 39. Nd6+ Rxd6 40.
Rxd6 Rxc2 41. Rd7+ Kf8 42. Rxd5 Rc7 43. Re6 Rf7 44. g4 Kg7 45. h4 Rb7 46. Rdd6
b5 47. Rd8 b4 48. Ree8 b3 49. Rb8 Rxb8 50. Rxb8 Nc5 51. d4 a4 52. dxc5 1-0

[Event "Torneo de Benidorm sub 2000 2019"]
[Site "Benidorm ESP"]
[Date "2019.11.30"]
[Round "2.1"]
[White "Perez Garcia, Juan Angel"]
[Black "Garcia Castilla, Manuel"]
[Result "1-0"]
[WhiteElo "1999"]
[BlackElo "1839"]
[PlyCount "59"]
[EventDate "2019.11.29"]
[EventType "swiss"]
[EventRounds "10"]
[EventCountry "ESP"]
[SourceTitle "Ajedrez en Madrid"]
[Source "lmi"]
[SourceDate "2019.11.30"]
[SourceVersion "1"]
[SourceVersionDate "2019.12.08"]
[SourceQuality "1"]

1. e4 c5 2. Nf3 d6 3. d4 cxd4 4. Nxd4 Nf6 5. Nc3 a6 6. h3 e5 7. Nde2 Be7 8. g4
Be6 9. Bg2 Nc6 10. Be3 b5 11. g5 Nd7 12. Qd2 Rc8 13. O-O-O Qa5 14. Kb1 Nb6 15.
Nd5 Qxd2 16. Bxd2 Nc4 17. Bc1 Bxd5 18. exd5 Nb8 19. b3 Nb6 20. f4 N8d7 21. h4
O-O 22. Be3 Bd8 23. fxe5 Nxe5 24. Nd4 Nbd7 25. Nf5 Ng4 26. Bd4 Bb6 27. Ne7+ Kh8
28. Nxc8 Bxd4 29. Rxd4 Nde5 30. Nxd6 1-0

[Event "Torneo de Benidorm sub 2000 2019"]
[Site "Benidorm ESP"]
[Date "2019.11.30"]
[Round "2.2"]
[White "Oualili, Abdelali"]
[Black "Nahornyi, Ihor"]
[Result "0-1"]
[WhiteElo "1841"]
[BlackElo "1999"]
[PlyCount "137"]
[EventDate "2019.11.29"]
[EventType "swiss"]
[EventRounds "10"]
[EventCountry "ESP"]
[SourceTitle "Ajedrez en Madrid"]
[Source "lmi"]
[SourceDate "2019.11.30"]
[SourceVersion "1"]
[SourceVersionDate "2019.12.08"]
[SourceQuality "1"]

1. e4 c5 2. Nc3 Nc6 3. g3 g6 4. Bg2 Bg7 5. d3 e6 6. f4 Nge7 7. Nf3 O-O 8. O-O
d5 9. e5 f6 10. exf6 Bxf6 11. Re1 Nf5 12. Bh3 Nfd4 13. Nxd4 Nxd4 14. Bg2 b5 15.
Ne2 Nf5 16. c3 Qb6 17. g4 Nh4 18. d4 Nxg2 19. Kxg2 cxd4 20. cxd4 b4 21. Be3 a5
22. g5 Bg7 23. Ng1 Ba6 24. Rc1 Rac8 25. Qd2 b3 26. axb3 Qxb3 27. Rc3 Rxc3 28.
Qxc3 Qxc3 29. bxc3 Bc4 30. Rb1 Ra8 31. Bc1 a4 32. Ba3 Bf8 33. Ra1 Bb3 34. Kf2
Rc8 35. Ne2 Bxa3 36. Rxa3 Kf7 37. Ke3 Ke7 38. Kd2 h6 39. h3 Rh8 40. Nc1 hxg5
41. fxg5 Rxh3 42. Nxb3 axb3 43. Rxb3 Rg3 44. Rb7+ Kd6 45. Rb6+ Kd7 46. Rb7+ Kc6
47. Ra7 Rxg5 48. c4 Rg4 49. Kc3 dxc4 50. Ra5 Rg3+ 51. Kxc4 Kd6 52. Ra7 g5 53.
Rg7 g4 54. Rg5 Ke7 55. d5 exd5+ 56. Kxd5 Kf6 57. Rg8 Kf5 58. Rf8+ Kg5 59. Ke4
Ra3 60. Rg8+ Kh4 61. Rh8+ Kg3 62. Rh7 Kf2 63. Rh2+ Kg1 64. Rh4 g3 65. Rh7 g2
66. Rh8 Kf2 67. Rf8+ Kg3 68. Rg8+ Kh2 69. Kd5 0-1

[Event "Torneo de Benidorm sub 2000 2019"]
[Site "Benidorm ESP"]
[Date "2019.11.30"]
[Round "2.3"]
[White "Panican, Gheorghe"]
[Black "Custard Gasco, Daniela Brenda"]
[Result "1/2-1/2"]
[WhiteElo "1998"]
[BlackElo "1838"]
[PlyCount "130"]
[EventDate "2019.11.29"]
[EventType "swiss"]
[EventRounds "10"]
[EventCountry "ESP"]
[SourceTitle "Ajedrez en Madrid"]
[Source "lmi"]
[SourceDate "2019.11.30"]
[SourceVersion "1"]
[SourceVersionDate "2019.12.08"]
[SourceQuality "1"]

1. Nf3 Nf6 2. g3 g6 3. Bg2 Bg7 4. O-O O-O 5. d3 d6 6. e4 Nbd7 7. Nbd2 c6 8. Re1
Qc7 9. Nh4 h5 10. h3 e5 11. Ndf3 Nc5 12. c3 a5 13. Qc2 Re8 14. Be3 a4 15. Ng5
Ne6 16. Nhf3 Nxg5 17. Nxg5 Nh7 18. Nxh7 Kxh7 19. d4 Be6 20. f4 f5 21. fxe5 dxe5
22. d5 cxd5 23. exd5 Bg8 24. Rad1 Red8 25. c4 e4 26. Bf4 Be5 27. Bxe5 Qxe5 28.
Qf2 b5 29. b3 axb3 30. axb3 Ra3 31. Re3 Ra1 32. Rxa1 Qxa1+ 33. Bf1 Qe5 34. h4
Rd7 35. Kh2 Qa1 36. Kg2 Qe5 37. Kh2 Qa1 38. Re1 Qc3 39. Qe3 Qb2+ 40. Re2 Qa1
41. Re1 Qe5 42. Rd1 Qb2+ 43. Rd2 Qa1 44. Be2 Qe5 45. Kg2 Bf7 46. Qd4 Qd6 47.
Qe3 Qa3 48. Kf2 Qa1 49. Rd1 Qe5 50. Qd4 Qd6 51. Ra1 Be6 52. Ra8 Bg8 53. cxb5
Qxd5 54. Qxd5 Rxd5 55. Bc4 e3+ 56. Kxe3 Re5+ 57. Kf3 Bd5+ 58. Bxd5 Rxd5 59.
Ra7+ Kh6 60. Rb7 Rd4 61. b6 Rb4 62. Rb8 Kg7 63. b7 Kh7 64. Ke3 Rxb3+ 65. Kf4
Kg7 1/2-1/2

[Event "Torneo de Benidorm sub 2000 2019"]
[Site "Benidorm ESP"]
[Date "2019.11.30"]
[Round "2.4"]
[White "Shreyas S, Nikam"]
[Black "Cano Sevilla, Ivan"]
[Result "1-0"]
[WhiteElo "1839"]
[BlackElo "1996"]
[PlyCount "55"]
[EventDate "2019.11.29"]
[EventType "swiss"]
[EventRounds "10"]
[EventCountry "ESP"]
[SourceTitle "Ajedrez en Madrid"]
[Source "lmi"]
[SourceDate "2019.11.30"]
[SourceVersion "1"]
[SourceVersionDate "2019.12.08"]
[SourceQuality "1"]

1. d4 Nf6 2. Nf3 d5 3. Bf4 c5 4. e3 Nc6 5. c3 Qb6 6. Qc2 Bf5 7. dxc5 Bxc2 8.
cxb6 axb6 9. Bb5 Nd7 10. Nd4 Nxd4 11. exd4 Ra5 12. a4 Kd8 13. O-O e6 14. Nd2 f6
15. Rfe1 Bf5 16. h3 h5 17. Nf1 g5 18. Bd2 Bd6 19. Ne3 Ra8 20. Nxf5 exf5 21. Re6
Be7 22. Rae1 Re8 23. b3 Rc8 24. c4 dxc4 25. bxc4 Rc7 26. Bb4 Nf8 27. Rxf6 Nh7
28. Rf7 1-0

[Event "Torneo de Benidorm sub 2000 2019"]
[Site "Benidorm ESP"]
[Date "2019.11.30"]
[Round "2.5"]
[White "Machin Arbelo, Pedro Alexis"]
[Black "Spillane, Anthony"]
[Result "1-0"]
[WhiteElo "1995"]
[BlackElo "1837"]
[PlyCount "91"]
[EventDate "2019.11.29"]
[EventType "swiss"]
[EventRounds "10"]
[EventCountry "ESP"]
[SourceTitle "Ajedrez en Madrid"]
[Source "lmi"]
[SourceDate "2019.11.30"]
[SourceVersion "1"]
[SourceVersionDate "2019.12.08"]
[SourceQuality "1"]

1. e4 c6 2. Nc3 d5 3. Nf3 Bg4 4. exd5 cxd5 5. h3 Bxf3 6. Qxf3 e6 7. Bb5+ Nc6 8.
Ne2 Nf6 9. c3 Be7 10. d4 O-O 11. O-O a6 12. Ba4 b5 13. Bc2 Rc8 14. Bg5 g6 15.
a4 b4 16. Bd3 a5 17. Rfc1 Nh5 18. Bh6 Bg5 19. Bxf8 Bxc1 20. Rxc1 Qxf8 21. Bb5
Ng7 22. g4 Na7 23. Ba6 Rc6 24. Bd3 bxc3 25. bxc3 Qc8 26. Rb1 Ne8 27. h4 Qd8 28.
g5 Rb6 29. Rc1 Nc8 30. Kg2 Ncd6 31. Qf4 Ng7 32. Ng3 Ndf5 33. Bxf5 exf5 34. Re1
Ne6 35. Qf3 Rb3 36. Re5 Nc7 37. Ne2 Rb6 38. Nf4 Rd6 39. Qe2 f6 40. Re7 fxg5 41.
hxg5 Rd7 42. Rxd7 Qxd7 43. Qe5 Qf7 44. Qd6 Kg7 45. Qxc7 Qxc7 46. Ne6+ 1-0

[Event "Torneo de Benidorm sub 2000 2019"]
[Site "Benidorm ESP"]
[Date "2019.11.30"]
[Round "2.6"]
[White "Hamilton, Douglas"]
[Black "Saheb, Kamel"]
[Result "1-0"]
[WhiteElo "1836"]
[BlackElo "1994"]
[PlyCount "57"]
[EventDate "2019.11.29"]
[EventType "swiss"]
[EventRounds "10"]
[EventCountry "ESP"]
[SourceTitle "Ajedrez en Madrid"]
[Source "lmi"]
[SourceDate "2019.11.30"]
[SourceVersion "1"]
[SourceVersionDate "2019.12.08"]
[SourceQuality "1"]

1. d4 Nf6 2. Nc3 d5 3. Bf4 g6 4. e3 Bg7 5. h4 O-O 6. h5 c5 7. hxg6 hxg6 8. Qd2
Nc6 9. O-O-O Qa5 10. f3 Re8 11. g4 e5 12. dxe5 Nxe5 13. Qh2 Bd7 14. Bxe5 Rxe5
15. Qxe5 Ne4 16. Qxg7+ Kxg7 17. fxe4 Bxg4 18. Be2 Bxe2 19. Ngxe2 dxe4 20. Ng3
b5 21. Kb1 b4 22. Ncxe4 c4 23. Rdg1 Rd8 24. Nh5+ Kf8 25. Nhf6 Ke7 26. Rg5 Qa4
27. Rgh5 Qa5 28. Rg5 Rd5 29. Nxd5+ 1-0

[Event "Torneo de Benidorm sub 2000 2019"]
[Site "Benidorm ESP"]
[Date "2019.11.30"]
[Round "2.7"]
[White "Almonti, Alessandro"]
[Black "Voet, Dirk"]
[Result "1/2-1/2"]
[WhiteElo "1989"]
[BlackElo "1836"]
[PlyCount "81"]
[EventDate "2019.11.29"]
[EventType "swiss"]
[EventRounds "10"]
[EventCountry "ESP"]
[SourceTitle "Ajedrez en Madrid"]
[Source "lmi"]
[SourceDate "2019.11.30"]
[SourceVersion "1"]
[SourceVersionDate "2019.12.08"]
[SourceQuality "1"]

1. Nf3 g6 2. c4 Bg7 3. g3 b6 4. Bg2 Bb7 5. Nc3 d6 6. d4 Nd7 7. e4 e6 8. Be3 Ne7
9. O-O O-O 10. Qd2 c6 11. Bh6 Ba6 12. Bxg7 Kxg7 13. d5 cxd5 14. exd5 e5 15. b3
h6 16. Ne1 f5 17. f4 e4 18. Nc2 Nf6 19. Nd4 Bc8 20. Nd1 Bd7 21. Ne3 Kh7 22. Bh3
Rg8 23. Kh1 Qf8 24. Qb4 Ne8 25. Rf2 Qf6 26. Qd2 h5 27. Qb2 Qf8 28. Qd2 Qf6 29.
Rg1 Nc7 30. Rd1 a5 31. Ndc2 Na6 32. Bf1 h4 33. Qd4 Qxd4 34. Nxd4 hxg3 35. hxg3
Kg7 36. Rh2 Kf6 37. Rdd2 Rh8 38. Rxh8 Rxh8+ 39. Kg2 g5 40. Rf2 g4 41. Rd2
1/2-1/2

[Event "Torneo de Benidorm sub 2000 2019"]
[Site "Benidorm ESP"]
[Date "2019.11.30"]
[Round "2.8"]
[White "Esquerdo Nogueroles, Gaspar"]
[Black "Santos Folch, Adolfo"]
[Result "1/2-1/2"]
[WhiteElo "1835"]
[BlackElo "1988"]
[PlyCount "58"]
[EventDate "2019.11.29"]
[EventType "swiss"]
[EventRounds "10"]
[EventCountry "ESP"]
[SourceTitle "Ajedrez en Madrid"]
[Source "lmi"]
[SourceDate "2019.11.30"]
[SourceVersion "1"]
[SourceVersionDate "2019.12.08"]
[SourceQuality "1"]

1. d4 c5 2. e4 cxd4 3. Qxd4 Nc6 4. Qd2 Nf6 5. Nc3 e5 6. a3 Bc5 7. f3 a6 8. b4
Bd4 9. Bb2 d5 10. exd5 Nxd5 11. Nge2 Ne3 12. Nxd4 Nxd4 13. Bd3 Qh4+ 14. g3
Nxf3+ 15. Kf2 Nxd2 16. gxh4 Ndc4 17. Bc1 Ng4+ 18. Kg3 b5 19. a4 f5 20. Re1 O-O
21. axb5 f4+ 22. Kf3 Nce3 23. Bxe3 fxe3+ 24. Kg3 Bb7 25. Kxg4 Rf4+ 26. Kg3 Rf3+
27. Kg4 Rf4+ 28. Kg3 Rf3+ 29. Kg4 Rf4+ 1/2-1/2

[Event "Torneo de Benidorm sub 2000 2019"]
[Site "Benidorm ESP"]
[Date "2019.11.30"]
[Round "2.9"]
[White "Basto Auzmendi, Mario"]
[Black "Santamaria Baeza, Adolfo"]
[Result "0-1"]
[WhiteElo "1983"]
[BlackElo "1834"]
[PlyCount "74"]
[EventDate "2019.11.29"]
[EventType "swiss"]
[EventRounds "10"]
[EventCountry "ESP"]
[SourceTitle "Ajedrez en Madrid"]
[Source "lmi"]
[SourceDate "2019.11.30"]
[SourceVersion "1"]
[SourceVersionDate "2019.12.08"]
[SourceQuality "1"]

1. Nf3 Nf6 2. g3 Nc6 3. d4 e6 4. Bg2 d5 5. O-O Be7 6. c4 O-O 7. Nc3 a6 8. cxd5
exd5 9. Ne5 Bf5 10. Bf4 Bb4 11. Rc1 Nxe5 12. Bxe5 c6 13. Qb3 Qe7 14. Na4 Nd7
15. Bf4 b5 16. Nc3 Rac8 17. Bg5 Qxg5 18. Qxb4 Qf6 19. e3 Rfe8 20. a4 h5 21. Qa5
Bd3 22. Rfd1 Bc4 23. Qb4 bxa4 24. Nxa4 Rb8 25. Qd2 Bb3 26. Qa5 Bxd1 27. Rxd1
Qd6 28. Rc1 Rec8 29. Nc5 Rxb2 30. Qxa6 Rc7 31. Qa8+ Nf8 32. Qa3 Rcb7 33. Qd3
Rb8 34. Bf3 h4 35. Kg2 Qf6 36. g4 h3+ 37. Kg3 Ng6 0-1

[Event "Torneo de Benidorm sub 2000 2019"]
[Site "Benidorm ESP"]
[Date "2019.11.30"]
[Round "2.10"]
[White "Camarero Izquierdo, Juan Carlos"]
[Black "Bote Kobolo, Benjamin E."]
[Result "0-1"]
[WhiteElo "1825"]
[BlackElo "1983"]
[PlyCount "79"]
[EventDate "2019.11.29"]
[EventType "swiss"]
[EventRounds "10"]
[EventCountry "ESP"]
[SourceTitle "Ajedrez en Madrid"]
[Source "lmi"]
[SourceDate "2019.11.30"]
[SourceVersion "1"]
[SourceVersionDate "2019.12.08"]
[SourceQuality "1"]

1. e4 Nc6 2. Nf3 d6 3. h3 Nf6 4. Nc3 e5 5. Bc4 Be7 6. d3 Na5 7. Bb3 O-O 8. Bg5
c6 9. Qd2 Nxb3 10. axb3 Re8 11. Ne2 Qc7 12. Qc3 Be6 13. Ng3 h6 14. Be3 Bf8 15.
Nh4 d5 16. exd5 Nxd5 17. Qd2 a6 18. O-O Rad8 19. Nhf5 Qd7 20. Nxh6+ gxh6 21.
Bxh6 f6 22. Bxf8 Rxf8 23. Rae1 Qg7 24. Kh2 Nf4 25. Re4 Qg5 26. Rfe1 Rfe8 27. f3
Rd7 28. Nf1 Rg7 29. R1e2 Nxe2 30. Qxe2 Bf5 31. f4 Qh6 32. Ra4 Bd7 33. fxe5 Rxe5
34. Qf3 Be6 35. c4 Qg5 36. Ra1 f5 37. d4 Re4 38. d5 cxd5 39. cxd5 Bxd5 40. Qd1
0-1

[Event "Torneo de Benidorm sub 2000 2019"]
[Site "Benidorm ESP"]
[Date "2019.12.01"]
[Round "3.1"]
[White "Padilla Mendez, Vicente"]
[Black "Perez Garcia, Juan Angel"]
[Result "0-1"]
[WhiteElo "1877"]
[BlackElo "1999"]
[PlyCount "108"]
[EventDate "2019.11.29"]
[EventType "swiss"]
[EventRounds "10"]
[EventCountry "ESP"]
[SourceTitle "Ajedrez en Madrid"]
[Source "lmi"]
[SourceDate "2019.11.30"]
[SourceVersion "1"]
[SourceVersionDate "2019.12.08"]
[SourceQuality "1"]

1. d4 Nf6 2. c4 c5 3. e3 g6 4. Nc3 Bg7 5. Be2 O-O 6. Nf3 cxd4 7. Nxd4 Nc6 8.
O-O Nxd4 9. exd4 d5 10. Re1 Be6 11. c5 b6 12. cxb6 Qxb6 13. Na4 Qd6 14. g3 Ne4
15. a3 Rfc8 16. Kg2 Bd7 17. f3 Bxa4 18. Qxa4 Nf6 19. Ba6 Qc6 20. Bb5 Qc2+ 21.
Re2 Qxa4 22. Bxa4 e6 23. b4 a5 24. Be3 axb4 25. axb4 Rc4 26. Rb2 Bf8 27. Bd2
Nd7 28. Rba2 Nb6 29. Bb5 Rxa2 30. Rxa2 Rxd4 31. Bc3 Rd1 32. Bd2 Nc4 33. Bxc4
dxc4 34. Rc2 Rb1 35. Kh3 Bxb4 36. Bg5 c3 37. Bf6 Rb3 38. Ra2 Ba3 39. Kg4 h6 40.
h4 Kf8 41. f4 Ke8 42. h5 gxh5+ 43. Kxh5 Bb2 44. Ra8+ Kd7 45. Ra7+ Kc6 46. Bxc3
Rxc3 47. Rxf7 Rxg3 48. Kxh6 Bc1 49. Kh5 Kd5 50. Kh4 Rg1 51. f5 e5 52. Rd7+ Ke4
53. Rf7 Kf4 54. Kh5 Rg5+ 0-1